Statistics for Yellow things image quiz

Click here to take the quiz!

General Stats

  • This quiz has been taken 48 times
  • The average score is 9 of 12

Answer Stats

Answer% Correct
Rubber duck
100%
School bus
100%
Lemon
98%
Cheese
98%
Wasp
93%
Minion
75%
Daffodil
70%
Yellow submarine
70%
Canary
68%
Jaundice
43%
Custard
25%
Yellowcake uranium
14%

Score Distribution

Percentile by Number Answered

Percent of People with Each Score

Your Score History

You have not taken this quiz